Footballeurs par lettre U - Statistiques

Statistiques générales
  • Ce quiz a été pris 91 fois
  • Le résultat moyen est 6 sur 11
Statistiques - réponses
Par images Réponse % Correct
Umtiti
100%
Upamecano
99%
Ugarte
84%
Under
80%
Ulreich
65%
Undav
59%
Ugochukwu
30%
Unal
15%
Ulloa
14%
Uribe
10%
Utaka
8%
Aucun quiz correspondant
Distribution des résultats
% des personnes avec chaque résultat
Percentile par nombre de réponses
Votre historique - résultats
Vous n’avez pas pris ce quiz